[Event "FRA-chT U20 16 GP Haute 1011"]
[Site "France"]
[Date "2011.06.12"]
[Round "10"]
[White "Hug, Roxana"]
[Black "Lavault, Jeremie"]
[Result "1-0"]
[WhiteElo "1540"]
[BlackElo "1530"]
[PlyCount "87"]
[EventDate "2010.06.20"]
[EventType "team-tourn"]
[EventRounds "11"]
[EventCountry "FRA"]
[SourceTitle "EXT 2015"]
[Source "ChessBase"]
[SourceDate "2014.11.20"]
[SourceVersion "1"]
[SourceVersionDate "2014.11.20"]
[SourceQuality "1"]
[WhiteTeam "Mulhouse Philidor (U20)"]
[BlackTeam "Grenoble (U20)"]
[WhiteTeamCountry "FRA"]
[BlackTeamCountry "FRA"]

1. e4 e6 2. d4 d5 3. Nd2 c5 4. Ngf3 Nf6 5. e5 Nfd7 6. c3 Be7 7. Be2 0-0 8. 0-0 Nc6 9. Re1 Qb6 10. Nf1 f6 11. Bd3 cxd4 12. cxd4 fxe5 13. dxe5 Qc7 14. Qc2 h6 15. Ng3 Bd8 16. Bd2 Ndxe5 17. Nxe5 Nxe5 18. Bc3 Nxd3 19. Qxd3 Qf7 20. f3 Bf6 21. Rac1 Re8 22. a3 e5 23. Qe2 d4 24. Bxd4 Bd7 25. Bf2 Bc6 26. Ne4 Bxe4 27. Qxe4 Rac8 28. Bxa7 Qb3 29. Bf2 Qxb2 30. Rcd1 Qxa3 31. Qxb7 Qf8 32. h3 Re7 33. Qd5+ Kh8 34. Bc5 Qf7 35. Bxe7 Qxe7 36. Rc1 Rd8 37. Qe4 Bg5 38. Ra1 Qc5+ 39. Kh1 Bf4 40. Red1 Rc8 41. Ra8 Qf8 42. Rxc8 Qxc8 43. Ra1 g5 44. Ra8 1-0

[Event "FRA-chTA U20 1011"]
[Site "France"]
[Date "2010.12.19"]
[Round "5.6"]
[White "Lavault, Jeremie"]
[Black "Roque, Gaetan"]
[Result "0-1"]
[WhiteElo "1460"]
[BlackElo "1561"]
[PlyCount "92"]
[EventDate "2010.11.21"]
[EventType "team-tourn"]
[EventRounds "7"]
[EventCountry "FRA"]
[SourceTitle "EXT 2012"]
[Source "ChessBase"]
[SourceDate "2011.11.24"]
[SourceVersion "1"]
[SourceVersionDate "2011.11.24"]
[SourceQuality "1"]
[WhiteTeam "Grenoble"]
[BlackTeam "Saint Mande"]
[WhiteTeamCountry "FRA"]
[BlackTeamCountry "FRA"]

1. d4 d5 2. c4 c6 3. Nc3 Nf6 4. Bg5 Nbd7 5. Nf3 e6 6. e3 Be7 7. Bd3 0-0 8. 0-0 c5 9. cxd5 exd5 10. Bxf6 Nxf6 11. dxc5 Bxc5 12. Bc2 Be6 13. Nd4 Rc8 14. a3 a6 15. Rc1 Kh8 16. Nce2 Qd6 17. b4 Bxd4 18. Nxd4 Rc7 19. Qd3 Rfc8 20. Qd2 Ng4 21. Nf3 Ne5 22. Nd4 Rc3 23. Bb1 Qc7 24. Ne2 Ng4 25. g3 Rc6 26. Rxc6 bxc6 27. Qd3 g6 28. Rc1 Ne5 29. Qc3 Kg8 30. Kg2 Bg4 31. Ng1 Qd6 32. h3 Bd7 33. Rd1 Qe7 34. Qd4 c5 35. Qxd5 Bc6 36. Kh2 Bxd5 37. Rxd5 cxb4 38. axb4 Rd8 39. Rc5 Qf6 40. f4 Rd2+ 41. Kh1 Nf3 42. Nxf3 Rd1+ 43. Kg2 Rxb1 44. Ne5 Qe7 45. Nc6 Qe4+ 46. Kf2 Rb2+ 0-1